<?xml version="1.0" encoding="UTF-8"?>
<record
    xmlns:xsi="http://www.w3.org/2001/XMLSchema-instance"
    xsi:schemaLocation="http://www.loc.gov/MARC21/slim http://www.loc.gov/standards/marcxml/schema/MARC21slim.xsd"
    xmlns="http://www.loc.gov/MARC21/slim">

  <leader>00900nab a2200265 uc4500</leader>
  <controlfield tag="001">743761</controlfield>
  <controlfield tag="005">20240906090339.0</controlfield>
  <controlfield tag="008">020530e20011201                    spa  </controlfield>
  <datafield tag="035" ind1=" " ind2=" ">
    <subfield code="a">743761</subfield>
  </datafield>
  <datafield tag="035" ind1=" " ind2=" ">
    <subfield code="a">(OCoLC)819947297</subfield>
  </datafield>
  <datafield tag="040" ind1=" " ind2=" ">
    <subfield code="c">comduadb</subfield>
  </datafield>
  <datafield tag="041" ind1=" " ind2=" ">
    <subfield code="a">spa</subfield>
  </datafield>
  <datafield tag="100" ind1="1" ind2="0">
    <subfield code="a">Mendez, Nelson</subfield>
    <subfield code="4">aut</subfield>
    <subfield code="e">aut</subfield>
    <subfield code="9">358048</subfield>
  </datafield>
  <datafield tag="245" ind1="1" ind2="3">
    <subfield code="a">El anarquismo una utopia que renace</subfield>
  </datafield>
  <datafield tag="650" ind1=" " ind2="7">
    <subfield code="a">Anarquismo</subfield>
    <subfield code="2">lemb</subfield>
    <subfield code="9">4698</subfield>
  </datafield>
  <datafield tag="650" ind1=" " ind2="7">
    <subfield code="a">Filosof&#xED;a pol&#xED;tica</subfield>
    <subfield code="2">lemb</subfield>
    <subfield code="9">1528</subfield>
  </datafield>
  <datafield tag="650" ind1=" " ind2=" ">
    <subfield code="a">Utop&#xED;a</subfield>
    <subfield code="9">87</subfield>
  </datafield>
  <datafield tag="650" ind1=" " ind2="7">
    <subfield code="a">Socialismo</subfield>
    <subfield code="2">lemb</subfield>
    <subfield code="9">1707</subfield>
  </datafield>
  <datafield tag="650" ind1=" " ind2="7">
    <subfield code="a">Violencia</subfield>
    <subfield code="2">embne</subfield>
    <subfield code="9">32770</subfield>
  </datafield>
  <datafield tag="650" ind1=" " ind2=" ">
    <subfield code="a">Autogesti&#xF3;n</subfield>
    <subfield code="9">4718</subfield>
  </datafield>
  <datafield tag="650" ind1=" " ind2=" ">
    <subfield code="a">Libertad y sociedad</subfield>
    <subfield code="9">69014</subfield>
  </datafield>
  <datafield tag="700" ind1="1" ind2="0">
    <subfield code="a">Vallota, Alfredo</subfield>
    <subfield code="4">aut</subfield>
    <subfield code="e">aut</subfield>
    <subfield code="9">323117</subfield>
  </datafield>
  <datafield tag="773" ind1="0" ind2=" ">
    <subfield code="t">Utop&#xED;a y Praxis Latinoamericana : Revista Internacional de Filosof&#xED;a Iberoamericana y Teor&#xED;a Social (Maracaibo)</subfield>
    <subfield code="g">Vol. 06, No. 15, Dic. 2001, p. 9-29</subfield>
    <subfield code="w">179671</subfield>
    <subfield code="x">1315-5216</subfield>
    <subfield code="0">84327</subfield>
  </datafield>
  <datafield tag="942" ind1=" " ind2=" ">
    <subfield code="c">ARIMP</subfield>
  </datafield>
  <datafield tag="999" ind1=" " ind2=" ">
    <subfield code="c">247184</subfield>
    <subfield code="d">247184</subfield>
  </datafield>
</record>
